Southville International School and Colleges
Your cart is empty.
  • Cart
  • Lists
    Public lists Eva Luna New books Lux_list list_1
    Your lists Log in to create your own lists
  • Log in to your account
  • Your cookies
  • Search history
Southville International School and Colleges
  • Advanced search
  • Recent comments
  • Most popular
  • Libraries

Log in to your account

Log in with GOOGLE


If you do not have an external account, but do have a local account, you can still log in:

  1. Home
  2. MARC view: The best little monkeys in the world /
Normal view MARC view ISBD view

The best little monkeys in the world / (Record no. 113349)

[ view plain ]
MARC details
000 -LEADER
fixed length control field 00708nam a2200217 a 4500
001 - CONTROL NUMBER
control field 0544
005 - DATE AND TIME OF LATEST TRANSACTION
control field 20140414132015.0
008 - FIXED-LENGTH DATA ELEMENTS--GENERAL INFORMATION
fixed length control field 040201s19uu xx 00 eng d
020 ## - INTERNATIONAL STANDARD BOOK NUMBER
International Standard Book Number 0-394-88616-x
050 ## - LIBRARY OF CONGRESS CALL NUMBER
Classification number TR
Item number B35 1987
100 ## - MAIN ENTRY--PERSONAL NAME
Personal name Standiford, Natalie
245 ## - TITLE STATEMENT
Title The best little monkeys in the world /
Statement of responsibility, etc Natalie Standiford.
260 ## - PUBLICATION, DISTRIBUTION, ETC. (IMPRINT)
Place of publication, distribution, etc U.S.A :
Name of publisher, distributor, etc Random House,
Date of publication, distribution, etc 1987.
300 ## - PHYSICAL DESCRIPTION
Extent 48 p. ; cm.
440 ## - SERIES STATEMENT/ADDED ENTRY--TITLE
Title Step into reading
520 ## - SUMMARY, ETC.
Summary, etc When their parents go out to the party, two little monkey's make mischief while their baby-sitter thinks they are very good.
650 ## - SUBJECT ADDED ENTRY--TOPICAL TERM
Topical term or geographic name as entry element Monkey's
General subdivision Fiction.
650 ## - SUBJECT ADDED ENTRY--TOPICAL TERM
Topical term or geographic name as entry element Baby-sitters
General subdivision Fiction.
650 ## - SUBJECT ADDED ENTRY--TOPICAL TERM
Topical term or geographic name as entry element Behaviour
General subdivision Fiction.
Holdings
Withdrawn status Lost status Damaged status Use restrictions Home library Current library Shelving location Date acquired Source of acquisition Cost, normal purchase price Total Checkouts Full call number Barcode Date last seen Price effective from Koha item type
        Munich Library Munich Library Teachers Reference Section 02/01/2004   93.25   TR B35 1987 M4901 04/14/2014 04/14/2014 Books

The best little monkeys in the world /

APA

Standiford N., . (1987). The best little monkeys in the world. U.S.A: Random House.

Chicago

Standiford Natalie, . 1987. The best little monkeys in the world. U.S.A: Random House.

Harvard

Standiford N., . (1987). The best little monkeys in the world. U.S.A: Random House.

MLA

Standiford Natalie, . The best little monkeys in the world. U.S.A: Random House. 1987.

  • Place hold
  • Print
  • Cite
  • Add to your cart (remove)
  • Save record
    BIBTEX Dublin Core MARCXML MARC (non-Unicode/MARC-8) MARC (Unicode/UTF-8) MARC (Unicode/UTF-8, Standard) MODS (XML) RIS
  • More searches
    Search for this title in:
    Other Libraries (WorldCat) Other Databases (Google Scholar) Online Stores (Bookfinder.com) Open Library (openlibrary.org)

Exporting to Dublin Core...

SOUTHVILLE LIBRARY

Southville International School and Colleges Library

1281 Tropical Ave. Cor. Luxembourg St., BF Homes International, Las Pinas City

Tel. No. 8256374 / 252358 Loc. 117/146

Powered by Koha